书目信息 |
| 题名: |
儒家的管理之道
|
|
| 作者: | 张与弛 主编 | |
| 分册: | ||
| 出版信息: | 北京 中国商业出版社 2007.05 |
|
| 页数: | 293页 | |
| 开本: | 24cm | |
| 丛书名: | ||
| 单 册: | ||
| 中图分类: | B222.05 | |
| 科图分类: | ||
| 主题词: | 先秦哲学 | |
| 电子资源: | ||
| ISBN: | 978-7-5044-5860-5 | |
| 000 | 00587nam0 2200217 45 | |
| 001 | 0938993329 | |
| 005 | 20091009105149.48 | |
| 010 | @a978-7-5044-5860-5@dCNY36.80 | |
| 100 | @a20090515d2007 ekmy0 y0120 ea | |
| 102 | @aCN@b130000 | |
| 102 | @aCN@b110000 | |
| 105 | @ay z 000yy | |
| 200 | 1 | @a儒家的管理之道@f张与弛主编@Fzhang yu chi zhu bian |
| 210 | @a北京@c中国商业出版社@d2007.05 | |
| 215 | @a293页@d24cm | |
| 606 | 0 | @a先秦哲学 |
| 690 | @aB222.05@v4 | |
| 701 | 0 | @a张与弛@Azhang yu chi@4主编 |
| 801 | 0 | @aCN@c20091009 |
| 905 | @a10447@dB222.05@eZ2301 | |
| 906 | @d37@n3@r1 | |
| 儒家的管理之道/张与弛主编.-北京:中国商业出版社,2007.05 |
| 293页;24cm |
| ISBN 978-7-5044-5860-5:CNY36.80 |
| ● |
| 相关链接 |
|
|
|
正题名:儒家的管理之道
索取号:B222.05/Z2301
 
预约/预借
| 序号 | 登录号 | 条形码 | 馆藏地/架位号 | 状态 | 备注 |
| 1 | 659955 | 206599554 | 社科库509/509社科库 10排2列3层/ [索取号:B222.05/Z2301] | 在馆 | |
| 2 | 659956 | 206599563 | 社科库509/509社科库 10排2列3层/ [索取号:B222.05/Z2301] | 在馆 | |
| 3 | 659957 | 206599572 | 社科库509/509社科库 10排2列3层/ [索取号:B222.05/Z2301] | 在馆 |